| 000 | 00436nam a2200181Ia 4500 | ||
|---|---|---|---|
| 003 | GCL | ||
| 005 | 20240530095825.0 | ||
| 008 | 140319s9999 xx 000 0 eng d | ||
| 040 |
_aGCL / _cGCL |
||
| 082 | 0 | 4 |
_a759 _bJ P |
| 100 | 1 | _aJARDI, ENRIC | |
| 245 | 1 | 0 |
_aPAUL KLEE / _cJARDI, ENRIC |
| 260 |
_a[S.N] : _bACADEMY EDITIONS ، _c1991 |
||
| 300 | _a128 P | ||
| 650 | 0 | 4 | _aGERMAN PAINTERS |
| 650 | 0 | 4 | _aKLEE, PAUL |
| 942 |
_2ddc _cBK |
||
| 999 |
_c11067 _d11067 |
||